Barbie - Statistics

Estatísticas Gerais
  • Esse quiz foi jogado 231 vezes
  • A pontuação média é 7 de 15
Estatísticas das Respostas
Hint Resposta % Correto
Quem é o namorado da Barbie? Ken
100%
Quantas irmãs tem? 3
89%
No filme Barbie em A Princesa e a Plebeia, as duas trocam de papel. Em que outro filme da barbie o mesmo acontece? Barbie a princesa e a popstar
61%
Quantos anos ela tem? 18
56%
Em que ano foi lançado o lago dos cisnes? 2003
56%
Odette é o nome da personagem de qual filme? Barbie lago dos Cisnes
53%
Em Barbie Fairytopia: Mermaidia, fada do campo deve virar que tipo de ser mágico para salvar os seres da água? Sereia
52%
Quem canta a música Barbie Girl? Aqua
43%
Qual é o nome completo da Barbie? Barbara Millicent Roberts
43%
Em que ano o primeiro filme foi lançado? 1987
37%
Quem são as melhores amigas da Barbie? Nikki Watkins e Teresa
37%
Em Barbie como Rapunzel, Rapunzel realiza um desejo deixando um objeto na janela em que no dia seguinte se transforma em um pincel, que objeto era este? Escova de cabelo
33%
Qual o nome da personagem da barbie em Barbie e as três mosqueteiras? Corinne
27%
Em Barbie e o portal secreto, a princesa entra em uma terra desconhecida onde é ameaçada por uma vilã chamada...? Malucia
23%
Qual o nome da cidade natural dela? Willows Wisconsin
15%
Nenhum quiz correspondente encontrado
Distribuição das Pontuações
Porcentagem de Pessoas com Cada Pontuação
Percentil de Números Respondidos
Sua Pontuação Histórica
Você não jogou esse quiz